| 000 | 004340000a22001690004500 | ||
|---|---|---|---|
| 003 | MACL | ||
| 005 | 20160109121754.0 | ||
| 008 | 160109b xxu||||| |||| 00| 0 eng d | ||
| 040 |
_aMACL _cMACL |
||
| 041 | _aEnglish | ||
| 082 | _a915.6/SYK | ||
| 100 |
_aMark, Sykes _930235 |
||
| 245 |
_aDar Ul Islam _bAsiatic Provinges of Turkey |
||
| 260 |
_bBickers & Son _c1904 _aLondon |
||
| 650 |
_aHistory _930236 |
||
| 942 |
_cBK _k915.6/SYK _2ddc |
||
| 999 |
_c36969 _d36969 |
||